Koncepce proexportní politiky přijatá vládou České republiky

Koncepcia proexportnej politiky ČR. Opatrenia obchodnej politiky.

Gespeichert in:
Bibliographische Detailangaben
Format: Buchkapitel
Sprache:Tschechisch
Schlagworte:
Tags: Tag hinzufügen
Keine Tags, Fügen Sie das erste Tag hinzu!

MARC

LEADER 00000naa a2200000 4500
001 r026096
005 20230908093507.2
041 0 |a cze 
044 |a CZ 
245 1 0 |a Koncepce proexportní politiky přijatá vládou České republiky 
520 |a Koncepcia proexportnej politiky ČR. Opatrenia obchodnej politiky. 
610 2 0 |a obchod zahraničný 
610 2 0 |a podpora vývozu 
610 2 0 |a opatrenia 
610 2 0 |a Česko 
610 2 0 |a politika zahraničnoobchodná 
610 2 0 |a koncepcie 
610 2 0 |a 1997